000 00458nam a2200169Ia 4500
003 GCL
008 140319s9999 xx 000 0 ara d
040 _aGCL /
_cGCL
082 0 4 _aد
_b050
100 1 _aعادل الغضبان
245 1 0 _aليلى العفيفة ( اقرا 135 ) /
_cعادل الغضبان
300 _a176 ص
490 _aوثائق ونصوص
_v0
650 0 4 _aالقصص العربية
650 0 4 _aالقصص
942 _2ddc
_cCF
999 _c27188
_d27188